| 000 | 00492nam a2200181Ia 4500 | ||
|---|---|---|---|
| 005 | 20250326125255.0 | ||
| 008 | 250326s9999 xx 000 0 und d | ||
| 037 | _aTextbook | ||
| 040 |
_aFMSL _beng _cFMSL |
||
| 041 |
_aeng _2eng |
||
| 084 |
_aX6 L5 _qFMSL |
||
| 100 |
_aBiscoe P M _9738784 |
||
| 245 | 0 |
_aLaw and practice of credit factoring _cBiscoe P M |
|
| 260 |
_aLondon _bLondon, Butterworths _c1975 |
||
| 300 | _a229p | ||
| 942 |
_cTB _hX6 L5 |
||
| 999 |
_c1277301 _d1277301 |
||